| 000 | 01439nam a22003617a 4500 | ||
|---|---|---|---|
| 003 | CHAP | ||
| 005 | 20220817044408.0 | ||
| 008 | 101115s2009 es a r 00010 spa d | ||
| 010 | _a99785 | ||
| 011 | _a100757 | ||
| 020 | _a9788493667740 | ||
| 035 | _a111443 | ||
| 040 | _cCHAP | ||
| 082 | 1 | 4 |
_a551.4620946 _bL13 |
| 245 | 0 | 3 |
_aLa laguna de Gallocanta : _bmedio natural, conservación y teledetección _c/editado por Ma. Auxiliadora Casterad Seral y Carmen Castañeda del Álamo |
| 260 |
_aMadrid : _bUniversidad Complutense de Madrid. Facultades de Biología y Geología, _c2009 |
||
| 300 |
_a146 p. : _bilus., gráfs., tablas |
||
| 490 | 0 |
_aMemorias de la Real Sociedad Española de Historia Natural _v; 7 |
|
| 590 |
_aBATCH-UPD _b10 _c20130110 _lUCH01 _h1125 |
||
| 590 |
_aBATCH-UPD _b10 _c20130410 _lUCH01 _h0715 |
||
| 590 |
_aBATCH-UPD _b10 _c20130914 _lUCH01 _h0855 |
||
| 590 |
_aCONVERSION _b10 _c20130109 _lUCH01 _h1355 |
||
| 650 | 0 | 4 |
_aRecursos naturales _xEspaña. _995281 |
| 650 | 1 | 4 |
_aLagos. _964422 |
| 650 | 1 | 4 |
_aMedio ambiente _xConservación. _974068 |
| 650 | 1 | 4 |
_aRecursos naturales _xConservación. |
| 700 | 1 |
_aCastañeda del Álamo Cármen _e, ed. _919902 |
|
| 700 | 1 |
_aCasterad Seral, Ma. Auxiliadora _e, ed. _920050 |
|
| 830 | 0 |
_aMemorias de la Real Sociedad Española de Historia Natural _v; 7 _974514 |
|
| 901 | _aBK | ||
| 942 | _cLIBRO | ||
| 949 |
_a551.4620946 L13 _bBC _cLIBRO _d33724002219165 _eLIBRO _h113784 _i111443 _sb |
||
| 999 |
_c99785 _d99785 |
||